Clubes de lectores. Boletín
| Korporativní autor: | |
|---|---|
| Médium: | Kniha |
| Jazyk: | španělština |
| Vydáno: |
Bogotá, Colombia :
El Instituto,
2002
|
| Témata: |
MARC
| LEADER | 00000nam a22000007a 4500 | ||
|---|---|---|---|
| 008 | 190507b2002 c ||||| |||| 00| | spa d | ||
| 999 | |c 3723 |d 3723 | ||
| 090 | |a DOC #83 | ||
| 110 | |a Instituto Distrital Cultura y Turismo |9 4566 | ||
| 245 | 1 | 0 | |a Clubes de lectores. Boletín |
| 260 | |a Bogotá, Colombia : |b El Instituto, |c 2002 | ||
| 300 | |a desplegable | ||
| 500 | |a Boletín 2, Julio, 2002 | ||
| 650 | 1 | 4 | |9 365 |a LECTURA |
| 942 | |i 002089 |h DOC #83 |2 z |c 05 | ||
